000 00512nam a2200169Ia 4500
008 090711s9999 xx 000 0 und d
082 _b74777
100 _aभालेराव अनंत
245 _aमांदियाळी
260 _bमौज प्रकाशन
_c1994
300 _a183
600 _aभालेराव अनंत
630 _aमांदियाळी
700 _aभालेराव अनंत
730 _aमांदियाळी
942 _cBOOK
999 _c331628
_d331628